Un mot - une lettre = un pays #1 - Statistiques

Statistiques générales
  • Ce quiz a été pris 78 fois
  • Le résultat moyen est 5 sur 10
Statistiques - réponses
Mots Pays % Correct
Vitamine - I Vietnam
91%
Foncera - O France
70%
Libérez - R Bélize
59%
Survies - V Russie
58%
Géniales - I Sénégal
50%
Validames - A Maldives
48%
Ingénue - N Guinée
47%
Sinusite - S Tunisie
45%
Maniable - M Albanie
38%
Salaire - A Israël
35%
Aucun quiz correspondant
Distribution des résultats
% des personnes avec chaque résultat
Percentile par nombre de réponses
Votre historique - résultats
Vous n’avez pas pris ce quiz